Tayarut be-Tel-Aviv-Yafo : tokhniyot pituaḥ ṿe-shiṿuḳ : ḥomer reḳaʻ le-viḳur u-fegishat ʻavodah ben śar ha-tayarut Uzi Barʻam ṿe-Rosh ʻIriyat Tel Aviv-Yafo Shelomoh Lahaṭ be-Tel Aviv... 18 be-Av 752, 17 be-Ogusṭ 1992.

Saved in:
Bibliographic Details
Corporate Author: Tel Aviv (Israel)
Format: Book
Language:Hebrew
Published: [Tel Aviv] : ʻIriyat Tel Aviv-Yafo, [1992?]
Subjects:
Tags: Add Tag
No Tags, Be the first to tag this record!
LEADER 00771nam a22002057a 4500
001 005489256-2
005 20020606163548.3
008 841015s1992 is |||| |||| 00||||heb|d
035 0 |a ocm32292178 
110 1 |a Tel Aviv (Israel) 
245 1 0 |a Tayarut be-Tel-Aviv-Yafo :  |b tokhniyot pituaḥ ṿe-shiṿuḳ : ḥomer reḳaʻ le-viḳur u-fegishat ʻavodah ben śar ha-tayarut Uzi Barʻam ṿe-Rosh ʻIriyat Tel Aviv-Yafo Shelomoh Lahaṭ be-Tel Aviv... 18 be-Av 752, 17 be-Ogusṭ 1992. 
260 |a [Tel Aviv] :  |b ʻIriyat Tel Aviv-Yafo,  |c [1992?] 
300 |a 39 p. ;  |c 30 cm. 
500 |a Cover title. 
650 0 |a Tourism  |z Israel  |z Tel Aviv  |x Planning. 
600 1 0 |a Baram, Uzi. 
600 1 0 |a Lahaṭ, Shelomoh. 
752 |a Israel  |d Tel Aviv 
988 |a 20020608 
906 |0 MH